00321nam a2200109Ia 4500008004100000082001800041100002800059245006100087260004000148300000800188650001500196191201s2003 xx 000 0 und d a621.4021bNAF a ROY, Narayan Bimalendu 0aFundamentals of Classical and Statistical Thermodynamics aN.DelhibJohn Willey and Sonsc2003 a743 aB.Tech(ME)